000 00410nam a22001217a 4500
999 _c9444
_d9444
003 OSt
008 201207b ||||| |||| 00| 0 eng d
245 _aJournal of The Indian Institute of Science
250 _a2015(Apr-Jun Vol.95 No.2, Jan-Mar Vol.95 No.1, Jul-Sep Vol.95 No.3, Oct- Dec Vol.95 No.4)
260 _aBengaluru
_bIIScPress - Indian Institute of Science
650 _aApplied Science
942 _2ddc
_cBV